000 00666cam a2200241 4500500
005 20260405003649.0
041 _afre
042 _adc
100 1 0 _aNathan, Tobie
_eauthor
245 0 0 _a49.3. Décision au dernier chef
260 _c2023.
500 _a80
690 _aAnthropologie
690 _aChef
690 _aDécision
690 _aLeader
690 _aLois
690 _aParlement
690 _aPierre Clastres
690 _aTobie Nathan
786 0 _nPhilosophie magazine | 168 | 4 | 2023-04-01 | p. 14-14 | 1951-1787
856 4 1 _uhttps://shs.cairn.info/magazine-philosophie-magazine-2023-4-page-14?lang=fr&redirect-ssocas=7080
999 _c2069717
_d2069717